MARC

LEADER 00000nam0a2200000 4500
001 203346
005 20231031185614.0
035 |a (RuTPU)RU\TPU\book\221596 
090 |a 203346 
100 |a 20111103d1959 k y0rusy50 ca 
101 0 |a rus 
102 |a RU 
105 |a a z 001zy 
200 1 |a Полупроводниковая электроника  |f Всесоюзное научно-техническое общество радиотехники и электросвязи им. А. С. Попова (ВНОРиЭ) 
210 |a Москва  |a Ленинград  |c Госэнергоиздат  |d 1959 
215 |a 223 с.  |c ил. 
320 |a Библиография в конце статей 
610 1 |a полупроводниковые приборы 
610 1 |a использование 
610 1 |a низкочастотные схемы 
610 1 |a усилители постоянного тока 
610 1 |a импульсные схемы 
610 1 |a диоды 
610 1 |a триоды 
610 1 |a физические основы 
610 1 |a стабилизаторы напряжения 
610 1 |a сборники 
675 |a 621.382  |v 3 
712 0 2 |a Всесоюзное научно-техническое общество радиотехники и электросвязи им. А. С. Попова (ВНОРиЭ)  |2 stltpush  |3 (RuTPU)RU\TPU\col\15701 
801 1 |a RU  |b 63413507  |c 20111103 
801 2 |a RU  |b 63413507  |c 20111205  |g RCR 
942 |c BK